| 000 | 01396nkm a2200337 i 4500 | ||
|---|---|---|---|
| 001 | 3946 | ||
| 003 | ES-MaACL | ||
| 005 | 20250713062852.0 | ||
| 007 | khrbo | ||
| 008 | 070619s1987 sp --- g |001||spa d | ||
| 100 | 0 |
_aAlfonso, _d1902-1990 _919858 |
|
| 245 | 1 | 0 |
_aMujer y poder en democracia [ _hFotografía] / _cAlfonso (sello). |
| 260 |
_a[S.l. : _bs.n.], _c1987. |
||
| 300 |
_a2 fot. : _bb. y n. ; _c12 x 18 cm. |
||
| 490 | 1 | _aCiclo de debates por la democracia | |
| 500 | _aDatos basados en invitación. | ||
| 511 | 0 | _aIntervienen: Carlota Bustelo, Carmen García Bloise, Jesús Ibáñez, Rosa Posada, Isabel Tocino (ausente); moderador: Magi Punset. | |
| 518 | _aActo organizado por el Ateneo de Madrid, celebrado en el salón de actos el lunes, 2 de febrero de 1987, a las 20:00 h. | ||
| 600 | 1 | 4 |
_aBustelo, Carlota. _932890 |
| 600 | 1 | 4 |
_aGarcía Bloise, Carmen. _954276 |
| 600 | 1 | 4 |
_aIbáñez, Jesús. _964906 |
| 600 | 1 | 4 |
_aPosada, Rosa. _993327 |
| 600 | 0 | 4 |
_aTocino Biscarolasaga, Isabel. _9110390 |
| 600 | 1 | 4 |
_aPunset, Magi. _994409 |
| 610 | 2 | 4 |
_aAteneo de Madrid- _xActos culturales- _y1987- _vFotografías. _91902 |
| 710 | 2 |
_aAteneo de Madrid. _91875 |
|
| 830 | 0 |
_aCiclo de debates por la democracia _9176975 |
|
| 852 |
_aES-MaACL _jFOT 12/1987 |
||
| 856 | 4 |
_uhttp://www.ateneodemadrid.net/biblioteca_digital/imagenes/1987/0012-1987.jpg _zVer imagen |
|
| 999 |
_c3946 _d3946 |
||